Normal view MARC view
  • Tax planning

Entry Topical Term

Number of records used in: 1

001 - CONTROL NUMBER

  • control field: 9130

003 - CONTROL NUMBER IDENTIFIER

  • control field: OSt

005 - DATE AND TIME OF LATEST TRANSACTION

  • control field: 20190131094315.0

008 - FIXED-LENGTH DATA ELEMENTS

  • fixed length control field: 190131|| aca||aabn | a|a d

040 ## - CATALOGING SOURCE

  • Original cataloging agency: OSt
  • Transcribing agency: OSt

150 ## - HEADING--TOPICAL TERM

  • Topical term or geographic name entry element: Tax planning
  • Form subdivision: Cases
  • Geographic subdivision: Malaysia

670 ## - SOURCE DATA FOUND

  • Source citation: Work cat.: (OSt): Dr Jeyapalan Kasipillai 2010 9129, Tax avoidance in Malaysia :, 2010
Pusat Sumber Maklumat Dato' Haji Sarmin Md Hussin, Akademi Kastam Diraja Malaysia, Melaka
Tel: 06-2331106 | Faks: 06-2313787